[Event "TUR-ch U13/18 Girls"]
[Site "Antalya"]
[Date "2023.01.27"]
[Round "8"]
[White "Dirican, Feride"]
[Black "Kiziltas, Ece Su"]
[Result "1-0"]
[WhiteElo "1436"]
[BlackElo "1440"]
[PlyCount "45"]
[EventDate "2023.01.17"]
[EventType "swiss"]
[EventRounds "9"]
[EventCountry "TUR"]
[SourceTitle "EXT 2024"]
[Source "ChessBase"]
[SourceDate "2023.10.10"]
[SourceVersion "1"]
[SourceVersionDate "2023.10.10"]
[SourceQuality "1"]

1. e4 d5 2. exd5 Qxd5 3. Nc3 Qd8 4. d4 g6 5. Bc4 Bg7 6. Nge2 Nh6 7. Ne4 Nf5 8. c3 Nd7 9. Bxf7+ Kf8 10. Ng5 Nb6 11. Nf4 Qd6 12. Qb3 e6 13. Bxe6 Bxe6 14. Nfxe6+ Ke7 15. Nxg7 Nxg7 16. Qf7+ Kd8 17. Qxg7 Re8+ 18. Be3 Re7 19. Nf7+ Kd7 20. Ne5+ Kc8 21. Qf8+ Qd8 22. Qxd8+ Kxd8 23. Bg5 1-0

[Event "TUR-ch U13/18 Girls"]
[Site "Antalya"]
[Date "2023.01.26"]
[Round "7"]
[White "Kiziltas, Ece Su"]
[Black "Akat, Elifnaz"]
[Result "1/2-1/2"]
[WhiteElo "1440"]
[BlackElo "1814"]
[PlyCount "56"]
[EventDate "2023.01.17"]
[EventType "swiss"]
[EventRounds "9"]
[EventCountry "TUR"]
[SourceTitle "EXT 2024"]
[Source "ChessBase"]
[SourceDate "2023.10.10"]
[SourceVersion "1"]
[SourceVersionDate "2023.10.10"]
[SourceQuality "1"]

1. d4 d5 2. Nf3 Nf6 3. g3 Bg4 4. Bg2 e6 5. 0-0 Nbd7 6. c4 c6 7. b3 Bd6 8. Bb2 0-0 9. Ne5 Bf5 10. Nd2 Bxe5 11. dxe5 Ng4 12. h3 Ngxe5 13. g4 Bg6 14. f4 Nxc4 15. bxc4 Qb6+ 16. Rf2 Qxb2 17. e4 f5 18. exd5 exd5 19. cxd5 fxg4 20. Nb3 Qf6 21. dxc6 Nb6 22. cxb7 Rad8 23. Qxg4 Bf5 24. Qg5 Qe6 25. Qh5 Qf6 26. Qg5 Qe6 27. Qh5 Qf6 28. Qg5 Qe6 1/2-1/2

[Event "TUR-chT Clubs"]
[Site "Konya"]
[Date "2019.07.21"]
[Round "9.3"]
[White "Kiziltas, Ece Su"]
[Black "Yanik, Emine"]
[Result "1/2-1/2"]
[WhiteElo "1400"]
[BlackElo "1911"]
[PlyCount "158"]
[EventDate "2019.07.16"]
[EventType "team-swiss"]
[EventRounds "9"]
[EventCountry "TUR"]
[SourceTitle "CBM 191 Extra"]
[Source "ChessBase"]
[SourceDate "2019.09.30"]
[SourceVersion "1"]
[SourceVersionDate "2019.09.30"]
[SourceQuality "1"]
[WhiteTeam "Deniz Genclik"]
[BlackTeam "Krater Genclik"]
[WhiteTeamCountry "TUR"]
[BlackTeamCountry "TUR"]

1. Nf3 d5 2. d4 Nf6 3. g3 c6 4. Bg2 e6 5. 0-0 Bd6 6. Nbd2 Nbd7 7. c4 0-0 8. b3 Re8 9. Bb2 b6 10. Ne5 Bb7 11. e3 Rc8 12. f4 c5 13. Rc1 Ba8 14. Qe2 Qe7 15. h3 dxc4 16. Ndxc4 Bxg2 17. Qxg2 cxd4 18. exd4 Nd5 19. Qe2 Rc7 20. Nxd6 Qxd6 21. Rxc7 Qxc7 22. Rc1 Qb7 23. Qb5 N7f6 24. Qc6 Qa6 25. Qc2 Qxa2 26. Ra1 Ne3 27. Rxa2 Nxc2 28. Rxa7 Ne4 29. Kh2 Rc8 30. Nc6 Kf8 31. Ne7 Re8 32. Nc6 Rc8 33. Ne7 Re8 34. Nc6 h5 35. Rc7 Ne3 36. Ba3+ Kg8 37. Rc8 Rxc8 38. Ne7+ Kh7 39. Nxc8 Nd5 40. Nd6 Nxd6 41. Bxd6 Kg6 42. Kg2 f6 43. Kf3 Kf7 44. Ke4 g6 45. Kd3 Ke8 46. Kc4 Kd7 47. Ba3 Kc6 48. Kd3 Kb5 49. Bf8 Kc6 50. Ba3 Kd7 51. Bf8 Ne7 52. Bxe7 Kxe7 53. Kc4 Kd6 54. Kb5 Kd5 55. Kxb6 Kxd4 56. b4 e5 57. b5 e4 58. Kc6 e3 59. b6 e2 60. b7 e1Q 61. b8Q Qxg3 62. Qd6+ Ke3 63. Qxf6 Qxf4 64. Qc3+ Kf2 65. Qc2+ Ke3 66. Qxg6 Qf3+ 67. Kd6 Qxh3 68. Qg5+ Kf2 69. Qd2+ Kg3 70. Ke5 h4 71. Qf4+ Kg2 72. Qd2+ Kg1 73. Qe1+ Kg2 74. Qd2+ Kf3 75. Qd3+ Kg2 76. Qd2+ Kh1 77. Qe1+ Kh2 78. Qf2+ Kh1 79. Qe1+ Kg2 1/2-1/2

[Event "TUR-chT Clubs"]
[Site "Konya"]
[Date "2019.07.16"]
[Round "1.7"]
[White "Sahin, Zeynep Gokce"]
[Black "Kiziltas, Ece Su"]
[Result "1/2-1/2"]
[WhiteElo "1332"]
[BlackElo "1400"]
[PlyCount "80"]
[EventDate "2019.07.16"]
[EventType "team-swiss"]
[EventRounds "9"]
[EventCountry "TUR"]
[SourceTitle "CBM 191 Extra"]
[Source "ChessBase"]
[SourceDate "2019.09.30"]
[SourceVersion "1"]
[SourceVersionDate "2019.09.30"]
[SourceQuality "1"]
[WhiteTeam "Tokat Ozgem Grup"]
[BlackTeam "Deniz Genclik"]
[WhiteTeamCountry "TUR"]
[BlackTeamCountry "TUR"]

1. e4 g6 2. d4 Bg7 3. Nf3 d6 4. Be3 Nc6 5. h3 Nf6 6. Nc3 0-0 7. Bc4 e5 8. dxe5 Nxe5 9. Nxe5 dxe5 10. 0-0 Qe7 11. f3 Rd8 12. Qe2 Be6 13. Rfd1 a6 14. Bg5 Qc5+ 15. Be3 Qxc4 16. Qf2 Qc6 17. Rd2 Rxd2 18. Qxd2 Qd7 19. Rd1 Rd8 20. Qe2 Qe7 21. Nd5 Nxd5 22. exd5 Rxd5 23. Re1 Qb4 24. c3 Qe7 25. c4 Rd7 26. b3 Qd6 27. Bc1 Qd3 28. Bb2 Qxe2 29. Rxe2 f6 30. f4 Kf7 31. fxe5 fxe5 32. Bxe5 Bxe5 33. Rxe5 Rd2 34. a3 Rd3 35. b4 Rxa3 36. Re4 a5 37. c5 Ra1+ 38. Kf2 a4 39. b5 a3 40. Ra4 a2 1/2-1/2

[Event "TUR-ch (Women)"]
[Site "Antalya"]
[Date "2019.03.08"]
[Round "8"]
[White "Kiziltas, Ece Su"]
[Black "Kas, Elif Bilge"]
[Result "1-0"]
[WhiteElo "1395"]
[BlackElo "1179"]
[PlyCount "55"]
[EventDate "2019.03.03"]
[EventType "swiss"]
[EventRounds "9"]
[EventCountry "TUR"]
[SourceTitle "CBM 189 Extra"]
[Source "ChessBase"]
[SourceDate "2019.06.03"]
[SourceVersion "1"]
[SourceVersionDate "2019.06.03"]
[SourceQuality "1"]

1. d4 Nf6 2. Nf3 g6 3. g3 Bg7 4. Bg2 d6 5. 0-0 Nbd7 6. c4 0-0 7. Nc3 e5 8. dxe5 Nxe5 9. Nxe5 dxe5 10. Bg5 c6 11. Qxd8 Rxd8 12. Ne4 Nxe4 13. Bxd8 Bf5 14. Bxe4 Bxe4 15. Ba5 Bf5 16. Rad1 b6 17. Bc3 c5 18. b3 a6 19. Rd6 b5 20. Rc6 b4 21. Bb2 Bf8 22. Bxe5 Re8 23. f4 Rd8 24. Rxa6 Rd2 25. Re1 Bg4 26. Kf2 Bf5 27. Ke3 Rc2 28. Ra8 1-0

[Event "TUR-ch (Women)"]
[Site "Antalya"]
[Date "2019.03.05"]
[Round "4"]
[White "Kiziltas, Ece Su"]
[Black "Cetin, Defne Rengin1111"]
[Result "1-0"]
[WhiteElo "1395"]
[BlackElo "1142"]
[PlyCount "69"]
[EventDate "2019.03.03"]
[EventType "swiss"]
[EventRounds "9"]
[EventCountry "TUR"]
[SourceTitle "CBM 189 Extra"]
[Source "ChessBase"]
[SourceDate "2019.06.03"]
[SourceVersion "1"]
[SourceVersionDate "2019.06.03"]
[SourceQuality "1"]

1. d4 Nf6 2. Nf3 d6 3. c4 g6 4. Nc3 Bg7 5. g3 0-0 6. Bg2 Nbd7 7. 0-0 e5 8. e4 exd4 9. Nxd4 Ne5 10. Qe2 c5 11. Nc2 Be6 12. Ne3 Nfg4 13. Ned5 Nc6 14. f4 f5 15. h3 Nf6 16. Nxf6+ Qxf6 17. Nd5 Qd4+ 18. Be3 Qxb2 19. Qxb2 Bxb2 20. Rab1 Bg7 21. Rxb7 Na5 22. Re7 Rae8 23. exf5 Bxf5 24. Rxa7 Nxc4 25. Ne7+ Kh8 26. Nxf5 Rxf5 27. Bc1 Re2 28. Bf3 Bd4+ 29. Kh1 Re8 30. Bc6 Re2 31. g4 Rf8 32. Bf3 Rf2 33. Rxf2 Bxf2 34. Bd5 Ne3 35. Bb2+ 1-0

[Event "TUR-ch (Women)"]
[Site "Antalya"]
[Date "2019.03.04"]
[Round "2"]
[White "Gur, Tuba"]
[Black "Kiziltas, Ece Su"]
[Result "1-0"]
[WhiteElo "1723"]
[BlackElo "1395"]
[PlyCount "141"]
[EventDate "2019.03.03"]
[EventType "swiss"]
[EventRounds "9"]
[EventCountry "TUR"]
[SourceTitle "CBM 189 Extra"]
[Source "ChessBase"]
[SourceDate "2019.06.03"]
[SourceVersion "1"]
[SourceVersionDate "2019.06.03"]
[SourceQuality "1"]

1. d4 Nf6 2. Nf3 d6 3. c4 g6 4. Nc3 Bg7 5. Bg5 0-0 6. e3 h6 7. Bh4 Nc6 8. Be2 Bg4 9. h3 Bf5 10. Qb3 b6 11. d5 Na5 12. Qa3 Ne4 13. Nxe4 Bxe4 14. Nd2 Bxg2 15. Rh2 Qd7 16. e4 Bxh3 17. Qxh3 Qxh3 18. Rxh3 g5 19. Bg3 Bxb2 20. Rb1 Bg7 21. f4 c6 22. Kf2 cxd5 23. cxd5 Rac8 24. Bd3 Rc3 25. Ke2 Nb7 26. Nb3 Nc5 27. Nxc5 dxc5 28. Rb3 Rxb3 29. axb3 Rd8 30. Rh5 f6 31. f5 Kf7 32. Bb5 Ra8 33. Bc6 Rd8 34. Rh1 Rh8 35. Ra1 a5 36. Bc7 h5 37. Bxb6 h4 38. Bxc5 h3 39. Bf2 g4 40. Bg3 Bh6 41. d6 exd6 42. Rxa5 Bf8 43. Ra7+ Be7 44. Bxd6 Kg7 45. Rxe7+ Kh6 46. Be8 Kg5 47. Bg3 h2 48. Rg7+ Kh6 49. Rg6+ Kh7 50. Bxh2 Rxe8 51. Rxg4 Rc8 52. Kd3 Rc6 53. Rg6 Rb6 54. Kc4 Rc6+ 55. Kd5 Rb6 56. Bd6 Rxb3 57. Rxf6 Kg7 58. Ke6 Re3 59. Rg6+ Kh7 60. Rg4 Rh3 61. f6 Rh6 62. Bf4 Rh5 63. f7 Ra5 64. Rh4+ Kg6 65. f8N+ Kg7 66. Bh6+ Kg8 67. Rg4+ Kh8 68. Bg7+ Kg8 69. Bc3+ Kxf8 70. Bb4+ Ke8 71. Rg8# 1-0

[Event "TUR-chT2"]
[Site "Konya"]
[Date "2018.07.15"]
[Round "9.13"]
[White "Konal, Emine Nursel"]
[Black "Kiziltas, Ece Su"]
[Result "0-1"]
[WhiteElo "1369"]
[BlackElo "1264"]
[PlyCount "86"]
[EventDate "2018.07.10"]
[EventType "team-swiss"]
[EventRounds "9"]
[EventCountry "TUR"]
[SourceTitle "EXT 2019"]
[Source "ChessBase"]
[SourceDate "2018.10.10"]
[SourceVersion "1"]
[SourceVersionDate "2018.10.10"]
[SourceQuality "1"]
[WhiteTeam "Artvin Il Ozel"]
[BlackTeam "Antalya Deniz Genclik"]
[WhiteTeamCountry "TUR"]
[BlackTeamCountry "TUR"]

1. e4 g6 2. d4 Bg7 3. Nf3 d6 4. c4 Nc6 5. h3 e5 6. d5 Nce7 7. Nc3 Nf6 8. Bd3 0-0 9. 0-0 a5 10. Bg5 Nd7 11. Qd2 Nc5 12. Bc2 f6 13. Bh6 f5 14. Bxg7 Kxg7 15. Rfe1 f4 16. a3 a4 17. Qd1 Bd7 18. b3 axb3 19. Bxb3 h6 20. a4 b6 21. Bc2 g5 22. Nh2 Qe8 23. Nb5 Bxb5 24. axb5 Qg6 25. Nf3 h5 26. Qe2 Rh8 27. h4 g4 28. Ng5 Rhf8 29. Bd3 Ng8 30. Qc2 Nh6 31. f3 gxf3 32. gxf3 Kh8 33. Kf2 Nf7 34. Rg1 Nxg5 35. Rxg5 Qxg5 36. hxg5 Rxa1 37. Bf1 Rfa8 38. Kg1 R8a2 39. Qc3 h4 40. g6 Rb1 41. g7+ Kxg7 42. Qxe5+ dxe5 43. d6 cxd6 0-1

[Event "TUR-ch (Women)"]
[Site "Antalya"]
[Date "2018.03.07"]
[Round "5"]
[White "Cobanoglu, Deniz Ahcihoca"]
[Black "Kiziltas, Ece Su"]
[Result "1/2-1/2"]
[WhiteElo "1734"]
[BlackElo "1295"]
[PlyCount "87"]
[EventDate "2018.03.05"]
[EventType "swiss"]
[EventRounds "9"]
[EventCountry "TUR"]
[SourceTitle "CBM 183 Extra"]
[Source "ChessBase"]
[SourceDate "2018.04.19"]
[SourceVersion "1"]
[SourceVersionDate "2018.04.19"]
[SourceQuality "1"]

1. d4 g6 2. c4 Bg7 3. Nc3 d6 4. e4 Nc6 5. Be3 Nf6 6. Be2 0-0 7. Nf3 e5 8. d5 Ne7 9. Nd2 a5 10. g4 Nd7 11. h4 h6 12. Nf1 b6 13. Qd2 Kh7 14. Ng3 Nc5 15. h5 g5 16. b3 Ba6 17. f3 Qd7 18. Kf2 Nc8 19. Nf5 Na7 20. Rab1 b5 21. Bxc5 dxc5 22. Qe3 Rfb8 23. Qxc5 Bf8 24. Qe3 Bb4 25. Rhd1 Qd8 26. c5 Qf8 27. d6 cxd6 28. Rxd6 Rc8 29. Rxh6+ Qxh6 30. Nxh6 Bxc5 31. Nd5 Bxe3+ 32. Kxe3 Kxh6 33. Nb6 Rab8 34. Nxc8 Rxc8 35. Rd1 Rc3+ 36. Kf2 Nc8 37. Rd5 f6 38. Ke1 Ne7 39. Rd7 Nc8 40. Rd8 Rc5 41. a4 Na7 42. Rd7 Nc8 43. Rd8 Na7 44. Rd7 1/2-1/2

[Event "TUR-ch (Women)"]
[Site "Antalya"]
[Date "2018.03.05"]
[Round "1"]
[White "Gokbulut, Julia"]
[Black "Kiziltas, Ece Su"]
[Result "1-0"]
[WhiteElo "2049"]
[BlackElo "1295"]
[PlyCount "70"]
[EventDate "2018.03.05"]
[EventType "swiss"]
[EventRounds "9"]
[EventCountry "TUR"]
[SourceTitle "CBM 183 Extra"]
[Source "ChessBase"]
[SourceDate "2018.04.19"]
[SourceVersion "1"]
[SourceVersionDate "2018.04.19"]
[SourceQuality "1"]

1. d4 g6 2. c4 Bg7 3. Nf3 d6 4. Nc3 Nf6 5. e4 Nc6 6. h3 0-0 7. Be3 e5 8. d5 Ne7 9. g4 Bd7 10. Nd2 a6 11. Be2 Qc8 12. f3 h6 13. Nb3 Ne8 14. Qd2 Kh7 15. c5 Rb8 16. 0-0-0 dxc5 17. Nxc5 Nd6 18. Nxd7 Qxd7 19. Kb1 b5 20. Rc1 Nec8 21. Nd1 Nb6 22. Bc5 Rfd8 23. Ne3 Qc8 24. Qc2 Bf8 25. h4 Qb7 26. h5 g5 27. Bxd6 Bxd6 28. Nf5 Rdc8 29. Qd2 Nd7 30. Rc6 Bf8 31. Rhc1 Nb6 32. Rf6 c5 33. dxc6 Qc7 34. Qc3 Re8 35. Qb3 Rbc8 1-0